Printing Color Negatives /
Todo lo necesario que se necesita saber para la ampliación de imágenes a color en la fotografía análoga. Se dan consejos acerca del equipo necesario, los filtros, el proceso y técnicas para el retoque.
Đã lưu trong:
| Định dạng: | Sách |
|---|---|
| Ngôn ngữ: | Tiếng Anh |
| Được phát hành: |
Nueva York, EUA :
Kodak,
1961, c1961
|
| Phiên bản: | 2a edición |
| Loạt: | (Kodak Professional Data Book ;
E-66) |
| Những chủ đề: | |
| Các nhãn: |
Không có thẻ, Là người đầu tiên thẻ bản ghi này!
|
MARC
| LEADER | 00000nam^a2200000^a^4500 | ||
|---|---|---|---|
| 001 | 000354999 | ||
| 005 | 20250526000000.0 | ||
| 008 | 150617 19611961 | ||
| 009 | 20260310115151.326 | ||
| 037 | |a Acervo ITESO - Biblioteca | ||
| 041 | |a ING | ||
| 082 | |a 771. |b KOD COL V. E-66 | ||
| 245 | 0 | 0 | |a Printing Color Negatives / |
| 250 | |a 2a edición | ||
| 264 | 4 | |a Nueva York, EUA : |b Kodak, |c 1961, c1961 | |
| 300 | |a 73 p. ; |c 21.5 cm. | ||
| 336 | |a texto |b txt |2 rdacontenido | ||
| 337 | |a sin mediación |b n |2 rdamedio | ||
| 338 | |a volumen |b nc |2 rdasoporte | ||
| 440 | 1 | |a (Kodak Professional Data Book ; |v E-66) | |
| 520 | |a Todo lo necesario que se necesita saber para la ampliación de imágenes a color en la fotografía análoga. Se dan consejos acerca del equipo necesario, los filtros, el proceso y técnicas para el retoque. | ||
| 649 | |a XX | ||
| 650 | |a Fotografía en Color - |x Tema Principal | ||
| 650 | |a Fotografía - |x Papeles de Impresión | ||
| 650 | |a Fotografía - |x Películas | ||
| 650 | |a Fotografía - |x Negativos | ||
| 650 | |a Fotografía - |x Ampliación - |x Tema Principal | ||
| 650 | |a Fotografía - |x Procesos de Impresión | ||
| 650 | |a Fotografía - |x Materiales y Equipo | ||
| 650 | |a Fotografía - |x Técnica - |x Tema Principal | ||
| 650 | |a Comunicación Visual | ||
| 910 | |a Fondo Jesús Romero Hernández S.J. | ||
| 920 | |a Impresos - Libros | ||
| 930 | |a Libros Antiguos y Raros | ||
| 905 | |a 108 | ||
| 901 | |a 0500247783 |b IT2 |c LRA |u 20250526 | ||
| 902 | |a https://opac.biblio.iteso.mx/vufind/Record/000354999 | ||